Faculty of Law Library — Cairo University

Official Online Catalog

القرارات الإدارية / (Record no. 71838)

MARC details
000 -LEADER
fixed length control field 01025nam a2200301 i 4500
003 - CONTROL NUMBER IDENTIFIER
control field EG-GICUC
005 - DATE AND TIME OF LATEST TRANSACTION
control field 20260419112015.0
008 - FIXED-LENGTH DATA ELEMENTS--GENERAL INFORMATION
fixed length control field 260419s1994 au ||||fr|||| 00| 0 ara d
040 ## - CATALOGING SOURCE
Original cataloging agency EG-GICUC
Language of cataloging ara
Transcribing agency EG-GICUC
Modifying agency EG-GICUC
Description conventions rda
041 0# - LANGUAGE CODE
Language code of text/sound track or separate title ara
082 04 - DEWEY DECIMAL CLASSIFICATION NUMBER
Edition number 21
Classification number 345.64
Item number ث و . ق
092 04 - LOCALLY ASSIGNED DEWEY CALL NUMBER (OCLC)
Edition number 21
099 ## - LOCAL FREE-TEXT CALL NUMBER (OCLC)
Classification number Law1 07 345.64 ث و . ق 1994
100 0# - MAIN ENTRY--PERSONAL NAME
Personal name ثروت بدوي
Relator term Author.
245 ## - TITLE STATEMENT
Title القرارات الإدارية /
Statement of responsibility, etc. ثروت بدوي.
264 #1 - PRODUCTION, PUBLICATION, DISTRIBUTION, MANUFACTURE, AND COPYRIGHT NOTICE
Place of production, publication, distribution, manufacture مصر:
Name of producer, publisher, distributor, manufacturer دار النهضة العربية،
Date of production, publication, distribution, manufacture, or copyright notice 1994.
264 #1 - PRODUCTION, PUBLICATION, DISTRIBUTION, MANUFACTURE, AND COPYRIGHT NOTICE
Place of production, publication, distribution, manufacture مصر:
Name of producer, publisher, distributor, manufacturer مطبعة جامعة القاهرة،
Date of production, publication, distribution, manufacture, or copyright notice 1994.
300 ## - PHYSICAL DESCRIPTION
Extent 80 صفحة ؛
Dimensions 24 سم
336 ## - CONTENT TYPE
Source rda content
Content type term text
337 ## - MEDIA TYPE
Source rda media
Media type term Computer
338 ## - CARRIER TYPE
Source rda carrier
Carrier type term Online Resource
546 ## - LANGUAGE NOTE
Language note النص باللغة العربية
650 14 - SUBJECT ADDED ENTRY--TOPICAL TERM
Topical term or geographic name entry element أنواع القرارات الإدارية
Source of heading or term qrmak
651 1# - SUBJECT ADDED ENTRY--GEOGRAPHIC NAME
Source of heading or term qrmak
856 40 - ELECTRONIC LOCATION AND ACCESS
Uniform Resource Identifier <a href="https://fll.law.cu.edu.eg/fulltext/bks/لآ07-02026.pdf">https://fll.law.cu.edu.eg/fulltext/bks/لآ07-02026.pdf</a>
905 ## - Cataloger and Reviser Names
Cataloger Name: Salma Hany
942 ## - ADDED ENTRY ELEMENTS (KOHA)
Source of classification or shelving scheme Dewey Decimal Classification
Koha item type Books
Edition 21
Suppress in OPAC No
Holdings
Withdrawn status Lost status Source of classification or shelving scheme Damaged status Not for loan Collection Home library Current library Date acquired Total checkouts Full call number Barcode Date last seen Copy number Price effective from Koha item type
    Dewey Decimal Classification تالف Not for loan القانون الإداري جــــامعة القــاهرة مكتبة كلية الحقوق - المبنى الرئيسي 19.04.2026   Law1 07 345.64 ث ر. ق 1994 0702026 C1 B07-02026 19.04.2026 1 19.04.2026 Books
    Dewey Decimal Classification     القانون الإداري جــــامعة القــاهرة مكتبة كلية الحقوق - المبنى الرئيسي 19.04.2026   Law1 07 345.64 ث ر . ق 1994 0702027 C2 B07-02027 19.04.2026 2 19.04.2026 Books
    Dewey Decimal Classification تالف   القانون الإداري جــــامعة القــاهرة مكتبة كلية الحقوق - المبنى الرئيسي 19.04.2026   Law2 07 345.64 ث ر . ق 1994 0702028 C3 B07-02028 19.04.2026 3 19.04.2026 Books

© All rights reserved — Faculty of Law, Cairo University